[Event "Petrolina Cordioli Memorial op"]
[Site "Petrolina"]
[Date "2007.10.20"]
[Round "5"]
[White "Feijo, Francisco Celio"]
[Black "Silva, Mateus Amorim"]
[Result "1-0"]
[WhiteElo "2001"]
[BlackElo "1785"]
[PlyCount "62"]
[EventDate "2007.10.09"]
[EventType "swiss"]
[EventRounds "7"]
[EventCountry "BRA"]
[SourceTitle "EXT 2022"]
[Source "ChessBase"]
[SourceDate "2021.10.06"]
[SourceVersion "1"]
[SourceVersionDate "2021.10.06"]
[SourceQuality "1"]

1. b3 c5 2. Nf3 Nf6 3. Bb2 e6 4. c4 Nc6 5. g3 b6 6. Bg2 Bb7 7. 0-0 Be7 8. e3 d5 9. cxd5 exd5 10. d4 cxd4 11. exd4 0-0 12. Nc3 Rc8 13. Re1 Na5 14. Bh3 Nd7 15. Ne5 f5 16. Qh5 g6 17. Nxg6 hxg6 18. Qxg6+ Kh8 19. Bxf5 Nf6 20. g4 Qe8 21. Qh6+ Kg8 22. Re3 Rc6 23. Rae1 Rf7 24. Qg6+ Rg7 25. Qxe8+ Nxe8 26. Rxe7 Rxe7 27. Rxe7 Nc7 28. h4 a6 29. g5 Kf8 30. Ba3 Kg8 31. Ne2 Rc2 1-0